| 000 | 00863nam a22002417a 4500 | ||
|---|---|---|---|
| 003 | OSt | ||
| 005 | 20251217031141.0 | ||
| 008 | 251217b |||||||| |||| 00| 0 eng d | ||
| 020 | _a0-07-281947-2 | ||
| 040 |
_aDWC-Main lib _cOC |
||
| 082 |
_24th edition _aCirc. 658.4 H111m 2004 |
||
| 100 | _aHaag, S. | ||
| 245 |
_aManagement information systems for the information age _cHaag, Stephen |
||
| 250 | _a4th edition | ||
| 260 |
_aN.Y. : _bMcGraw-Hill Comapanies Inc., _c c2004 |
||
| 300 |
_axxv, 550 pages ; _bcolored illustration ; _c27 cm. _e+ 2 CD ROM |
||
| 504 | _aIncludes bibliographical references and index. | ||
| 650 | _2Information technology. | ||
| 650 | _2Management. | ||
| 700 | _aMaeve, Cummings | ||
| 700 | _aMccubbrey, Donald J. | ||
| 942 |
_2ddc _cBK-CIRC _e4th edition _hCirc. 658.4 H111m 2004 _kCirc. _n0 |
||
| 999 |
_c7159 _d7159 |
||